Textos fundamentais da física moderna (Record no. 44918)

MARC details
000 -Etiqueta do registo
Valores 01247cam a2200277 4500
100 ## - Dados gerais de processamento
Dados gerais 19890221g19799999k y0pory5003 ba
101 1# - Língua de publicação
Língua por
102 ## - País de publicação
País PT
200 1# - Titulo e menção de responsabilidade
Título próprio Textos fundamentais da física moderna
Primeira menção de responsabilidade Carl D. Anderson ... [et al.]
Outras menções de responsabilidade int. e bibliografia Robert T. Beyer
-- nota de abertura de Fernando Bragança Gil
-- trad. Carlos Fiolhais ... [et al.]
210 #9 - Publicação
Local de publicação Lisboa
Nome do editor Fundacão Calouste Gulbenkian,
Data de publicação 2004
215 ## - Descrição física 
Paginação / Volumes v.
Dimensões 23 cm
225 2# - Colecção 
Título próprio da colecção Manuais universitários
327 0# - Nota de conteúdo
Texto da nota 1<U+00BA> v. : O princípio da relatividade / H. A. Lorentz, A. Einstein, H. Minkowski ; trad. Mário José Saraiva. - 3<U+00AA> ed. - colof. 1983. - XVIII, 279 p. : il
-- 2<U+00BA> v. : Sobre a constitui—cão de átomos e moléculas / Niels Bohr ; trad. Egídio Namorado. - 2<U+00AA> ed. - colof. 1979. - 201 p. : il.
606 ## - Nome comum usado como assunto
Palavra de ordem Física
675 ## - CDU
Notação 53
675 ## - CDU
Notação 539.1(075.8)
Edição BN
Língua por
701 #1 - Autor co-responsavel
Apelido Lorentz,
Nome H. A.,
Datas 1853-1928
Função 070
701 #1 - Autor co-responsavel
Apelido Einstein,
Nome Albert,
Datas 1879-1955
Função 070
701 #1 - Autor co-responsavel
Apelido Minkowski,
Nome Hermann,
Datas 1864-1909
Função 070
701 #1 - Autor co-responsavel
Apelido Bohr,
Nome Niels,
Datas 1885-1962
Função 070
702 #1 - Autor secundário
ID Autoridade 2
Apelido Saraiva,
Nome Mário
Função 730
702 #1 - Autor secundário
Apelido Namorado,
Nome Egídio,
Datas 1920-1976
Função 730
801 #0 - Fonte de origem
País PT
Agência BN
Regras de catalogação RPC
990 ## - Elementos KOHA
Tipo de documento Livro
Holdings
Aquisição Empréstimo Código de barras Cota Permissão de empréstimo Tipo de documento Nota relativa ao exemplar
Biblioteca Municipal de Redondo Biblioteca Municipal de Redondo 055215 53 TEX   Livro 3.º v.
Biblioteca Municipal de Redondo Biblioteca Municipal de Redondo 055218 53 TEX   Livro 3.º v. depósito
Biblioteca Municipal de Redondo Biblioteca Municipal de Redondo 055219 53 TEX   Livro 3.º v. depósito

Powered by Koha